| 000 | 00407nam a2200193Ia 4500 | ||
|---|---|---|---|
| 008 | 240510s9999 xx 000 0 und d | ||
| 020 | _a0001556152981 | ||
| 041 | _aEng | ||
| 082 | _a005.54 | ||
| 082 | _bS58 | ||
| 100 | _aSOUCIE R. | ||
| 245 | 0 | _aLEARN MS EXCEL NOW | |
| 260 | _bWASHINGTON : MS PRESS | ||
| 260 | _c1990 | ||
| 300 | _a328 p. | ||
| 650 | _aEXCEL | ||
| 942 | _2ddc | ||
| 942 | _cLBK | ||
| 999 |
_c26375 _d26375 |
||
| 945 |
_a1 _bMadushi Gamage _c1 _dMadushi Gamage |
||